LEADER 00854nam0-22002651i-450 001 990004135370403321 005 20260311101550.0 035 $aFED01000413537 035 $a(Aleph)000413537FED01 035 $a000413537 100 $a19990604d1969----km-y0itay50------ba 101 0 $aita 105 $ay-------001yy 200 1 $a<>illuministi italiani$euna antologia dagli scritti di Filangieri Pagano Beccaria Genovesi Galanti Delfico Gioia$fa cura di Ludovico Actis-Perinetti 210 $aTorino$cLoescher Editore$d1969 215 $aXXVI, 160 p.$d19 cm 225 1 $aClassici della filosofia 702 1$aActis Perinetti,$bLudovico 801 0$aIT$bUNINA$gRICA$2UNIMARC 901 $aBK 912 $a990004135370403321 952 $a191.2 ACTL 01$bI.F.M.2197$fFLFBC 959 $aFLFBC 996 $aIlluministi italiani$959390 997 $aUNINA